000 00658nam a2200241Ia 4500
003 OSt
005 20220918185409.0
006 a|||||r|||| 00| 0
007 ta
008 220917b |||||||| |||| 00| 0 eng d
024 _a50,879
037 _cTextual
040 _aARTS
_cARTS
_beng
041 _2eng
_aeng
082 _aP111:1g, L9
100 _aNihalani Paroo
_968886
245 0 _aIndian and British English
_b Handbook of usage and pronunciation
260 _aDelhi
_bOUP
_c1979
300 _aviii,260p. illus
_ccm.
650 _aLINGUISTICS
942 _hP111:1g, L9
_cTEXL
_2CC
999 _c180474
_d180474